000 00250nam a22001217a 4500
008 171030b xxu||||| |||| 00| 0 eng d
041 _aeng
080 _a336
100 _a56
101 _aFIN
245 _aTHE DEBT TRAP
_cPAYER,C
942 _2udc
_cBK
999 _c36351
_d36351